|
|
|
|
| LEADER |
01128nam a2200277 a 4500 |
| 001 |
000631650 |
| 003 |
CZ BrMZK |
| 005 |
20161213125505.0 |
| 008 |
021018s1980 xr e c cze d |
| 040 |
|
|
|a BOA001
|b cze
|c BOA001
|
| 072 |
|
7 |
|a 73
|x Sochařství, keramika, porcelán, umělecké zpracování kovů
|2 Konspekt
|9 21
|
| 080 |
|
|
|a 730(437.3)
|2 MRF
|
| 080 |
|
|
|a (083.824)
|2 MRF
|
| 245 |
0 |
0 |
|a Vendelín Zdrůbecký /
|c [text] Vladimír Řeřucha
|
| 260 |
|
|
|a [Ždár nad Sázavou :
|b Okresní kulturní středisko,
|c 1980]
|
| 300 |
|
|
|a 1 nestránkovaný sv.
|
| 500 |
|
|
|a Katalog výstavy
|
| 600 |
1 |
7 |
|a Zdrůbecký, Vendelín,
|d 1923-1986
|7 mzk2007394870
|
| 650 |
0 |
7 |
|a české sochařství
|7 ph128152
|y 20. století
|2 czenas
|
| 655 |
|
7 |
|a katalogy výstav
|7 fd132536
|2 czenas
|
| 700 |
1 |
|
|a Zdrůbecký, Vendelín,
|d 1923-1986
|7 mzk2007394870
|4 hnr
|
| 700 |
1 |
|
|a Řeřucha, Vladimír,
|d 1920-2004
|7 jk01110087
|4 aut
|
| 710 |
2 |
|
|a Okresní kulturní středisko (Žďár nad Sázavou, Česko)
|
| 910 |
|
|
|a BOA001
|b X-0843.102
|
| 990 |
|
|
|a BK
|
| 996 |
6 |
|
|b 2619327691
|c X-0843.102
|l MZK
|r Sklad / do 24 hodin
|n 1
|w 000631650
|u 000010
|a 1
|e BOA001
|j MZK50
|s P
|